Sampling design and statistical methods for environmental biologists

Salvato in:
Dettagli Bibliografici
Autore principale: Green, Roger Harrison (Autore)
Natura: Libro
Lingua:inglese
Pubblicazione: Nueva York John Wiley 1979
Soggetti:
Tags: Aggiungi Tag
Nessun Tag, puoi essere il primo ad aggiungerne!!

MARC

LEADER 00000nam a2200000 a 4500
001 UCY2592
003 CL-VaPUC
008 941104e19790000US |||||||||||||||||eng|d
082 0 4 |a 577.015  |b GRE  |2 21 
100 0 |a Green, Roger Harrison  |e author  |9 330654 
245 1 0 |a Sampling design and statistical methods for environmental biologists 
300 |a 257 p 
942 |c BK 
945 |d 19941104 00:00:00  |a mfernand 
260 |a Nueva York  |b John Wiley  |c 1979 
650 7 |a ECOLOGIA METODOS ESTADISTICOS  |2 CL-VaPUC  |9 271182 
650 7 |a MUESTREO ESTADISTICA  |2 CL-VaPUC  |9 260839 
583 |a last modification  |c 19941104 00:00:00  |k Rodrigo Vera 
999 |c 230957  |d 230955 
952 |0 0  |1 0  |2 ddc  |4 0  |6 577_015000000000000_GRE_1979  |7 0  |8 CCM  |9 233669  |a BIBCUR  |b BIBCUR  |c PAC  |d 2019-11-15  |i 3031314  |o 577.015 GRE 1979  |p 3031314  |r 2025-04-22  |w 2019-11-15  |y BK  |k CIM